000 00297nam a2200121Ia 4500
008 190216s9999||||xx |||||||||||||| ||und||
100 _aMayah Balse
245 0 _aOf Gods And Men
260 _b"Ibh Publishing Company, Bombay"
_c1967
300 _a99p
650 _aEnglish Literature
942 _cBK
999 _c11733
_d11733